| 000 | 00732nab a2200229u 4500 | ||
|---|---|---|---|
| 001 | 17817 | ||
| 003 | HDC | ||
| 007 | c| |||a|c|aaaa | ||
| 008 | 210224b20140620my ||||| |||| 00| 0 may d | ||
| 040 | _aHDC | ||
| 245 | 0 | _aPerkukuh inisiatif perkasa Bumiputera | |
| 336 |
_atext _2rdacontent |
||
| 337 |
_acomputer _2rdamedia |
||
| 338 |
_aonline resource _2rdacarrier |
||
| 650 |
_adividend and bonus _917009 |
||
| 650 |
_aPermodalan Nasional Berhad (PNB) _916598 |
||
| 710 | _aBERITA HARIAN | ||
| 856 | _zRequest full-text at [email protected] | ||
| 942 | _2lcc | ||
| 942 | _cNEWS | ||
| 942 | _kNWSC 005021 | ||
| 999 |
_c15133 _d15133 |
||